00717nas a2200217 a 4500001001000000003000900010005001700019008004100036040002500077043000900102222002500111245003300136260007400169300003300243310001600276362003100292500005800323651008600381942001500467999001700482000037318DO-SdBNP20240902095158.0120327c20119999dr ur1p dd 0 0spa d aDO-SdBNPbspacBNPHU anwdr 2aRevista Inmobiliaria00aUrbe :bguía inmobiliaria. aSanto Domingo :,c2011bCaribe Servicios de Información Dominicana. av.- :bil., retrs. ;c29 cm. aDesconocida1 aAño 5. edición 15 2011 aCatalogación basada en : Año 5. edición 15 2011 0aBienes RaicesxGuíasvPUBLICACIONES PERÍODICASzRepública Dominicana963776 2ddccISSUE c36808d36808